000 00735nam a2200205Ia 4500
003 GCL
008 140319s9999 xx 000 0 ara d
040 _aGCL /
_cGCL
082 0 4 _a814.008
_bم م
100 1 _aنبيل فرج
245 1 0 _aمحمد فريد ابوحديد (1893 - 1967): مقالات مختارة /
_cنبيل فرج
700 1 _aمحمود فهمى حجازى
700 1 _aمحمد فريد ابوحديد
300 _a364 ص
490 _aالهيئة العامة للاستعلامات
_v0
650 0 4 _aالادب العربى - مقالات ومحاضرات
650 0 4 _aالمقالات العربية - مجموعات
650 0 4 _aالثقافة- مقالات ومحاضرات
942 _2ddc
_cBK
999 _c51756
_d51756